Indo-Arab relations: (Record no. 21829)

MARC details
000 -LEADER
fixed length control field 00840cam a2200253 4500
001 - CONTROL NUMBER
control field 4626373
003 - CONTROL NUMBER IDENTIFIER
control field BDDh-ASL
005 - DATE AND TIME OF LATEST TRANSACTION
control field 20231015030040.0
008 - FIXED-LENGTH DATA ELEMENTS--GENERAL INFORMATION
fixed length control field 700219s1969 ii b 001 0 eng
010 ## - LIBRARY OF CONGRESS CONTROL NUMBER
LC control number 77905802
040 ## - CATALOGING SOURCE
Original cataloging agency DLC
Transcribing agency DLC
Modifying agency DLC
-- BDDh-ASL
050 00 - LIBRARY OF CONGRESS CALL NUMBER
Classification number DS63.2.I5
Item number A59
082 00 - DEWEY DECIMAL CLASSIFICATION NUMBER
Classification number 327.5305
Item number AHI
100 1# - MAIN ENTRY--PERSONAL NAME
Personal name Ahmad, S. Maqbul.
245 10 - TITLE STATEMENT
Title Indo-Arab relations:
Remainder of title an account of India's relations with the Arab World from ancient up to modern times /
Statement of responsibility, etc. [by] Maqbul Ahmad.
260 ## - PUBLICATION, DISTRIBUTION, ETC.
Place of publication, distribution, etc. New Delhi:
Name of publisher, distributor, etc. Indian Council for Cultural Relations
Date of publication, distribution, etc. [1969]
300 ## - PHYSICAL DESCRIPTION
Extent xi, 187 p.
Dimensions 23 cm.
350 ## - PRICE (NR) (BK AM CF MU VM SE) [OBSOLETE]
Price 20.00
504 ## - BIBLIOGRAPHY, ETC. NOTE
Bibliography, etc. note Bibliography: p. 171-174.
651 #0 - SUBJECT ADDED ENTRY--GEOGRAPHIC NAME
Geographic name India
General subdivision Relations
Geographic subdivision Arab countries.
651 #0 - SUBJECT ADDED ENTRY--GEOGRAPHIC NAME
Geographic name Arab countries
General subdivision Relations
Geographic subdivision India.
906 ## - LOCAL DATA ELEMENT F, LDF (RLIN)
a 7
b cbc
c orignew
d u
e ncip
f 19
g y-gencatlg
942 ## - ADDED ENTRY ELEMENTS (KOHA)
Source of classification or shelving scheme Dewey Decimal Classification
Koha item type Books
Holdings
Withdrawn status Lost status Source of classification or shelving scheme Damaged status Not for loan Collection code Home library Current library Shelving location Date acquired Source of acquisition Total Checkouts Full call number Barcode Date last seen Copy number Price effective from Koha item type
    Dewey Decimal Classification     Non-fiction Asiatic Society Library Asiatic Society Library General Stacks 02/15/2021 ASB Collection   327.5305 AHI 105808 02/15/2021 C-1 02/15/2021 Books

Powered by Koha